Capullito 3 : (Registro nro. 9962)

Detalles MARC
000 -LEADER
fixed length control field 01319nam a2200313 a 4500
001 - CONTROL NUMBER
control field 000013892
003 - CONTROL NUMBER IDENTIFIER
control field DO-SdBNP
005 - DATE AND TIME OF LATEST TRANSACTION
control field 20160519150828.0
007 - PHYSICAL DESCRIPTION FIXED FIELD--GENERAL INFORMATION
fixed length control field 000013892
008 - FIXED-LENGTH DATA ELEMENTS--GENERAL INFORMATION
fixed length control field 091120s2014 dr a 000 0 spa d
020 ## - INTERNATIONAL STANDARD BOOK NUMBER
International Standard Book Number 9789945495526
040 ## - CATALOGING SOURCE
Original cataloging agency BPMSU
Language of cataloging spa
Transcribing agency BPMSU
092 ## - LOCALLY ASSIGNED DEWEY CALL NUMBER (OCLC)
Classification number xxxx
Item number xxxxx
100 1# - MAIN ENTRY--PERSONAL NAME
Personal name Veles, Adalgisa
245 10 - TITLE STATEMENT
Title Capullito 3 :
Remainder of title nivel inicial /
Statement of responsibility, etc. Adalgisa Veles ; colaboración María del Jesús de la Rosa ; ilustraciones Henry Cid.
260 ## - PUBLICATION, DISTRIBUTION, ETC. (IMPRINT)
Place of publication, distribution, etc. Santo Domingo :
Name of publisher, distributor, etc. Actualidad escolar 2000
Date of publication, distribution, etc. 2014
300 ## - PHYSICAL DESCRIPTION
Extent 304 p. :
Other physical details il. ;
Dimensions 22 cm.
490 1# - SERIES STATEMENT
Series statement Araya
500 ## - GENERAL NOTE
General note Incluye el libro del maestro
500 ## - GENERAL NOTE
General note Este libro ha sido realizado de acuerdo al curriculum vigente y ha sido sometido a la evaluación y aprobación de la MINERD,(Ministerio de Educación República Dominicana )
505 ## - FORMATTED CONTENTS NOTE
Title Día de deporte --
-- Hansel y Gretel --
-- Compartir en familia --
-- Valoro mi comunidad --
-- ! Viva la cultura! --
-- La manzana hechizada --
-- Paseo a la finca --
-- Lilo el astrónomo --
700 12 - ADDED ENTRY--PERSONAL NAME
Personal name Rosa, María del Jesús de la,
Relator term ed.
700 12 - ADDED ENTRY--PERSONAL NAME
Personal name Cid, Henry,
Relator term il.
830 #0 - SERIES ADDED ENTRY--UNIFORM TITLE
Uniform title Araya
930 #1 - EQUIVALENCE OR CROSS-REFERENCE-UNIFORM TITLE HEADING [LOCAL, CANADA]
Language of a work BND01
Medium of performance for music LF1
Field link and sequence number 20091204
Date of a work 04
Name of part/section of a work CT
Miscellaneous information 8019
930 #1 - EQUIVALENCE OR CROSS-REFERENCE-UNIFORM TITLE HEADING [LOCAL, CANADA]
Language of a work BND01
Medium of performance for music LF1
Field link and sequence number 20091120
Date of a work 01
Name of part/section of a work CT
Miscellaneous information 8019
942 ## - ADDED ENTRY ELEMENTS (KOHA)
Source of classification or shelving scheme Dewey Decimal Classification
Koha item type Libros
956 ## - LOCAL ELECTRONIC LOCATION AND ACCESS (OCLC)
Host name LOPEREZ
Access number 10
Compression information 20160426
Logon BPMSU
Processor of request 00041
Existencias
Withdrawn status Lost status Source of classification or shelving scheme Damaged status Not for loan Collection code Home library Current library Date acquired Source of acquisition Total Checkouts Barcode Date last seen Copy number Price effective from Koha item type
    Dewey Decimal Classification       Biblioteca Pública Metropolitana Salomé Ureña Biblioteca Pública Metropolitana Salomé Ureña 04/29/2016 Donación   BPMTE16040794 04/29/2016 v. 3 04/29/2016 Libros
    Dewey Decimal Classification       Biblioteca Pública Metropolitana Salomé Ureña Biblioteca Pública Metropolitana Salomé Ureña 04/29/2016 Donación   BPMET16040796 04/29/2016 v. 3, part. 3 04/29/2016 Libros